Panství Skočice a Drahonice na Vodňansku

Titel: Panství Skočice a Drahonice na Vodňansku
Verfasser:
In: Zlatá stezka, Band 2 (1995), Seite 205-209
alle Artikel anzeigen
Veröffentlicht: 1995
Format: Aufsatz
Sprache: Tschechisch
Kein Bild verfügbar
X
alg: 39303261
001A    $01999:11-11-16 
001B    $01999:28-04-21 $t19:30:51.000 
001C    $06050:19-11-16 $t22:36:35.000 
001D    $01999:11-11-16 
001U    $0utf8 
001X    $00 
002@    $0Aox 
003@    $0393032612 
007A    $0393032612 $aHEB 
007T    $0Herdp01706 
010@    $acze 
011@    $a1995 
021A    $aPanství Skočice a Drahonice na Vodňansku 
028A    $aKotěšovec $dFrantišek 
031A    $d2 $h205-209 $j1995 
037A    $aněm. res.: Die Herrschaften Skočice und Drahonice in Wodnian-Gebiet 
039B    $aIn $8--Abvc--. Zlatá stezka. - Prachatice, 1994- $x199500000020000795 $9070440182 
045F    $a306.094371 $eDDC23BSB 
045F/01 $a306.09 
045F/03 $g4371 
045T    $a7,41 

lok: 39303261 78

exp: 39303261 78 1 #EPN
201B/01 $026-11-17 $t01:31:35.000 
201U/01 $0utf8 
203@/01 $0789142929 
208@/01 $a11-11-16 $be 
209A/01 $a/ $f000 $x00 
220C/01 $aHerkunft: Hú Av Čr Praha 
244Z/01 $#Tschechien $#Tschechische Republik $#Tschechische Republik $#Tschechenland $#Tschechei Tschechien $#Česká Republika $#Czech Republic $#ČR $74303381-7 $8--Tg1--Tschechien $x01 $9086659812 
244Z/01 $2Trx $#Böhmen $#Bohemia $#Czechy $8--Trx--Čechy $x02 $9391188941 
244Z/01 $2Trx $#Drahonitz Strakonitz $8--Trx--Drahonice$gStrakonice $x03 $9391146114 
244Z/01 $2Trx $#Skočitz Strakonitz $8--Trx--Skočice$gStrakonice $x04 $9391214497 
244Z/01 $2Trx $#Račitz-Wodňan Strakonitz $#Wodňan Strakonitz $#Vodňany Strakonice $8--Trx--Radčice-Vodňany$gStrakonice $x05 $9391267353 
244Z/01 $aGeschichte 1654-1741 $x06 
244Z/01 $2Trx $#mõisahärrad $#žemės valdymo sistema $#gentry rule $#földesuralom $#gospodarka folwarczno-pańszczyźniana $#statkárstvo $#vrchnostenský systém $#Gutswirtschaft $#Fronwirtschaft $#system właścicieli ziemskich $#veľkostatky $#robotné hospodárstvo $#hospodářství vrchnostenské a velkostatky $8--Trx--Gutsherrschaft $x07 $9391367781 
244Z/01 $2Trx $#rahvastik liikumine ja struktuur $#gyventojai $#population migration, social stratification of the population $#népesség mozgalom és struktúra $#ludność ruch naturalny i struktura $#obyvateľstvo pohyb a štruktúra obyvateľstva $#obyvatelstvo pohyb a struktura obyvatelstva $#Sozialstruktur $#struktura społeczna $8--Trx--Bevölkerung$gBewegung und Struktur $x08 $9391372521 
244Z/01 $2Trx $8--Trx--Zeitschriftenaufsatz $x09 $9391384341 
245Z/01 $a13.02 $x01 
245Z/01 $a09.08 $x02 
247C/01 $82080>Marburg/Lahn, Herder-Institut, Forschungsbibliothek, Bibliographieportal $9336309341
LEADER 00000caa a22000002c 4500
001 393032612
003 DE-603
005 20210428193051.0
007 tu
008 161111s1995 xx |||| | u00||u|cze c
035 |a (DE-599)HEB393032612 
040 |a DE-603  |b ger  |c DE-603  |d DE-603 
041 |a cze 
082 0 4 |8 1\u  |a 306.094371  |q DE-101  |2 23/BSB 
084 |a 7,41  |2 ssgn 
085 |8 1\u  |b 306.09 
085 |8 1\u  |z 2  |s 4371 
100 1 |a Kotěšovec, František 
245 0 0 |a Panství Skočice a Drahonice na Vodňansku 
264 0 |c 1995 
500 |a něm. res.: Die Herrschaften Skočice und Drahonice in Wodnian-Gebiet 
773 0 8 |i In  |t Zlatá stezka  |d Prachatice, 1994-  |g Band 2 (1995), Seite 205-209  |w (DE-603)070440182  |w (DE-600)1344104-8 
924 0 |9 2080  |a (DE-603)789142929  |b DE-2080  |c HES  |d d  |g /